Mobile Ad Hoc Networks : Energy-Efficient Real Time Data Communications

Saved in:
Bibliographic Details
Main Authors: Tavli, Bulent (Author), Heinzelman, Wendi (Author)
Format: Book
Language:English
Published: Dordrecht : Springer Verlag, 2006
Subjects:
Tags: Add Tag
No Tags, Be the first to tag this record!

MARC

LEADER 00000nam a22000003a 4500
001 stu137516
005 20150617225921.2
008 070131s2006----ne------------------eng-d
020 |a 1-4020-4633-2 
040 |a STU  |b slo 
041 0 |a eng 
044 |a ne 
100 1 |a Tavli, Bulent  |4 aut 
245 1 |a Mobile Ad Hoc Networks :  |b Energy-Efficient Real Time Data Communications 
260 |a Dordrecht :  |b Springer Verlag,  |c 2006 
300 |a 265 s 
650 7 |a komunikačné systémy  |2 stusub 
650 7 |a dátová komunikácia  |2 stusub 
700 1 |a Heinzelman, Wendi  |4 aut 
996 |b 284ID00128  |c I*5MS5751  |l II680  |s A  |a 24  |w stu137516_0001